[Event "London league"]
[Site "?"]
[Date "2008.12.08"]
[Round "?"]
[White "Rodriguez, J."]
[Black "Stebbings, A."]
[Result "0-1"]
[WhiteElo "1970"]
[BlackElo "2234"]
[PlyCount "72"]
[EventDate "2008.??.??"]

1. d4 Nf6 2. Bg5 e6 3. e4 h6 4. Bxf6 Qxf6 5. Nc3 Bb4 6. Qd2 d6 7. Bc4 Nd7 8.
Nge2 e5 9. a3 Ba5 10. O-O-O c6 11. f4 exd4 12. Qxd4 Qxd4 13. Rxd4 Ke7 14. Rhd1
Bc7 15. Ng3 g6 16. Rf1 Re8 17. Rd2 Rb8 18. Rdf2 b5 19. Ba2 b4 20. axb4 Rxb4 21.
e5 dxe5 22. fxe5 Nxe5 23. Bxf7 Rf8 24. Bb3 Rxf2 25. Rxf2 Rxb3 26. Nge4 Rb4 27.
Nf6 Be6 28. Nfe4 Rb8 29. Re2 Rf8 30. Nd2 Bd5 31. Nd1 Kd7 32. b3 Re8 33. Rf2 Bb6
34. Rf6 Bxg2 35. c4 Bc5 36. h4 Rf8 0-1

[Event "Kent league"]
[Site "?"]
[Date "2008.12.16"]
[Round "?"]
[White "Stebbings, A."]
[Black "Mack, A."]
[Result "1-0"]
[WhiteElo "2234"]
[BlackElo "2202"]
[PlyCount "73"]
[EventDate "2008.??.??"]

1. e4 e5 2. Nf3 Nc6 3. Bb5 a6 4. Ba4 Nf6 5. Qe2 b5 6. Bb3 Be7 7. c3 O-O 8. O-O
d5 9. d3 Bb7 10. Nbd2 Re8 11. Re1 Bf8 12. a3 Na5 13. Ba2 c5 14. b4 Nc6 15. exd5
Nxd5 16. Ne4 cxb4 17. Nfg5 h6 18. Qf3 hxg5 19. Nxg5 Qf6 20. Qe4 Bc5 21. Bxd5
Bxf2+ 22. Kh1 Bxe1 23. Bxf7+ Kf8 24. Nh7+ Kxf7 25. Nxf6 gxf6 26. Qh7+ Ke6 27.
Qxb7 Ne7 28. axb4 Bxc3 29. Rxa6+ Rxa6 30. Qxa6+ Kf7 31. Qxb5 Bd4 32. Qc4+ Kg6
33. Qe6 Rc8 34. Bd2 Ra8 35. h4 Rh8 36. Bg5 Nd5 37. g4 1-0

[Event "County match"]
[Site "?"]
[Date "2009.01.10"]
[Round "?"]
[White "Bucknell, M."]
[Black "Stebbings, A."]
[Result "0-1"]
[WhiteElo "2034"]
[BlackElo "2234"]
[PlyCount "142"]
[EventDate "2009.??.??"]

1. c3 Nf6 2. Nf3 c5 3. g3 d5 4. Bg2 Nc6 5. O-O Bg4 6. d3 e6 7. Qa4 Be7 8. Bf4
O-O 9. Na3 a6 10. c4 h6 11. Rfe1 Bd6 12. Bxd6 Qxd6 13. Rac1 d4 14. Qc2 Rad8 15.
Nb1 e5 16. Nbd2 Nd7 17. a3 f5 18. h3 Bh5 19. Nh2 Nf6 20. b4 Rd7 21. bxc5 Qxc5
22. Qa4 Nd8 23. Rb1 Rc7 24. Rb4 Be8 25. Qc2 Bc6 26. Nhf3 a5 27. Nb3 Qa7 28.
Nxa5 Qxa5 29. Qb3 Qc5 30. Rc1 Kh7 31. Nh4 g6 32. Rb1 Re8 33. Bxc6 bxc6 34. Qa4
Ra7 35. Qb3 e4 36. a4 Nf7 37. Rb7 Rxb7 38. Qxb7 Re7 39. Qc8 Qd6 40. a5 Qc7 41.
Qa8 Re8 42. Qa6 Nd8 43. Qa8 Ne6 44. Qb7 Rc8 45. Qb4 Ra8 46. Ra1 c5 47. Qb5 Nd7
48. a6 Ne5 49. Rb1 Kg7 50. Qa4 Qc6 51. Qxc6 Nxc6 52. Rb6 Ncd8 53. g4 exd3 54.
exd3 fxg4 55. hxg4 Kf6 56. Kg2 Kf7 57. Kg3 Nc7 58. Nxg6 Rxa6 59. Ne5+ Kg7 60.
Rb8 Nce6 61. f4 Nc6 62. Rb7+ Kf8 63. Nd7+ Ke8 64. Nf6+ Kd8 65. Rd7+ Kc8 66. Rh7
Ra3 67. Rxh6 Rxd3+ 68. Kh4 Nxf4 69. Kg5 Rf3 70. Rh8+ Kc7 71. Rh7+ Kb6 0-1

[Event "Kent league"]
[Site "?"]
[Date "2009.01.13"]
[Round "?"]
[White "Watson, I."]
[Black "Stebbings, A."]
[Result "1/2-1/2"]
[WhiteElo "2218"]
[BlackElo "2234"]
[PlyCount "25"]
[EventDate "2009.??.??"]

1. Nf3 d5 2. g3 c6 3. Bg2 Bg4 4. d3 Nd7 5. Nbd2 e6 6. O-O Bd6 7. b3 Ne7 8. Bb2
O-O 9. e4 a5 10. a3 b5 11. Re1 Qb6 12. e5 Bc7 13. Qc1 1/2-1/2

[Event "London league"]
[Site "?"]
[Date "2009.01.19"]
[Round "?"]
[White "Maclannan, R."]
[Black "Stebbings, A."]
[Result "0-1"]
[WhiteElo "1946"]
[BlackElo "2234"]
[PlyCount "110"]
[EventDate "2009.??.??"]

1. d4 Nf6 2. Nc3 d5 3. e4 Nxe4 4. Nxe4 dxe4 5. Bc4 Bf5 6. f3 e6 7. c3 Nd7 8.
Be3 Be7 9. fxe4 Bxe4 10. Nf3 O-O 11. O-O c5 12. Qe2 Qc7 13. Bf2 Bxf3 14. gxf3
cxd4 15. Bxd4 Bc5 16. Rad1 Nf6 17. Kh1 Bxd4 18. Rxd4 Rad8 19. Rfd1 Rxd4 20.
Rxd4 Rd8 21. Qd3 Rxd4 22. Qxd4 b6 23. Kg2 Kf8 24. Qh4 Qd6 25. Qg3 Ne8 26. Qg5
h6 27. Qe3 Ke7 28. a4 Qd1 29. b3 Nd6 30. Qd3 Qxd3 31. Bxd3 Kf6 32. b4 Ke5 33.
Kf2 f5 34. Ke3 g5 35. Be2 h5 36. h3 f4+ 37. Kd3 Nf5 38. Kc4 Nd6+ 39. Kd3 Kd5
40. Bd1 Ne8 41. Bb3+ Kd6 42. Kd4 Nf6 43. Bd1 e5+ 44. Kd3 e4+ 45. fxe4 Ke5 46.
c4 g4 47. hxg4 hxg4 48. c5 bxc5 49. bxc5 g3 50. Bf3 Nd7 51. Kc4 Ke6 52. Kb5 Ne5
53. Bg2 f3 54. Bh3+ Ke7 55. c6 Kd6 0-1

[Event "Tournament: Gibraltar Masters"]
[Site "?"]
[Date "2009.01.27"]
[Round "1"]
[White "Stebbings, A."]
[Black "LopezMartinez, J."]
[Result "1/2-1/2"]
[WhiteElo "2234"]
[BlackElo "2540"]
[PlyCount "82"]
[EventDate "2009.01.27"]

1. e4 c6 2. d4 d5 3. exd5 cxd5 4. c4 Nf6 5. Nc3 g6 6. Qb3 Bg7 7. cxd5 O-O 8.
Be2 Na6 9. Bf3 Qb6 10. Qxb6 axb6 11. Nge2 Nb4 12. O-O Rd8 13. d6 Rxd6 14. Bf4
Rd7 15. Rfd1 Nfd5 16. Nxd5 Nxd5 17. Be5 Bh6 18. Rd3 f6 19. Bg3 Ra6 20. Rb3 Kf7
21. Nc3 Nxc3 22. Rxc3 Ra8 23. Rd1 f5 24. Be5 Bg7 25. Bxg7 Kxg7 26. a3 Kf8 27.
Kf1 Ke8 28. Ke2 Kd8 29. Ke3 g5 30. Rdc1 Rd6 31. Rc7 Rb8 32. h3 Rf6 33. Bd5 h6
34. Bf3 Rd6 35. R1c2 Rf6 36. Rc1 Re6+ 37. Kd3 Rd6 38. Ke3 Rf6 39. R1c3 Re6+ 40.
Kd2 Rd6 41. Ke3 Re6+ 1/2-1/2

[Event "Tournament: Gibraltar Masters"]
[Site "?"]
[Date "2009.01.28"]
[Round "2"]
[White "Pantaleoni, C."]
[Black "Stebbings, A."]
[Result "1/2-1/2"]
[WhiteElo "2211"]
[BlackElo "2234"]
[PlyCount "54"]
[EventDate "2009.01.27"]

1. Nf3 Nf6 2. c4 c5 3. Nc3 d5 4. cxd5 Nxd5 5. g3 Nc6 6. Bg2 Nc7 7. O-O e5 8. d3
Be7 9. Nd2 Bd7 10. Nc4 O-O 11. Bxc6 Bxc6 12. Nxe5 Be8 13. Qb3 b6 14. Qc4 Bf6
15. Ng4 Bc6 16. Nxf6+ Qxf6 17. Be3 Rad8 18. Rab1 Nd5 19. Nxd5 Bxd5 20. Qf4 Qe6
21. b3 h6 22. Qh4 Rfe8 23. Rbe1 Bc6 24. Bd2 Rd4 25. Qh5 Rd5 26. Qh4 Rd4 27. Qh5
Rd5 1/2-1/2

[Event "Tournament: Gibraltar Masters"]
[Site "?"]
[Date "2009.01.29"]
[Round "3"]
[White "Stebbings, A."]
[Black "Linqvist, G."]
[Result "1-0"]
[WhiteElo "2234"]
[BlackElo "2034"]
[PlyCount "131"]
[EventDate "2009.01.27"]

1. e4 e6 2. d4 d5 3. Nd2 Nf6 4. e5 Nfd7 5. f4 c5 6. c3 Nc6 7. Ndf3 Be7 8. g3
cxd4 9. cxd4 Qb6 10. Bh3 Nf8 11. Ne2 Bd7 12. O-O Rc8 13. Rf2 a6 14. Nc3 g6 15.
Be3 Na5 16. Rc2 Nc4 17. Qe2 Nxe3 18. Qxe3 Qd8 19. Bf1 Bc6 20. Bd3 Nd7 21. g4
Nb6 22. b3 h5 23. h3 Kd7 24. Kg2 Qf8 25. Rh1 Qh6 26. Rh2 Qg7 27. Kg1 Rcg8 28.
Rcg2 Qf8 29. f5 gxf5 30. gxf5 Rxg2+ 31. Rxg2 Rg8 32. f6 Rxg2+ 33. Kxg2 Qg8+ 34.
Qg5 Qxg5+ 35. Nxg5 Bb4 36. Ne2 Ke8 37. Kg3 Be1+ 38. Kg2 Nd7 39. Nf3 Ba5 40. Kg3
Nb8 41. Kh4 Bb5 42. Bxb5+ axb5 43. Kxh5 Kf8 44. Kg5 Nc6 45. a3 b4 46. a4 Bb6
47. Kf4 Kg8 48. Ke3 Kh7 49. Kd3 Na5 50. Kc2 Nc6 51. Kd3 Na5 52. Kc2 Nc6 53. h4
Kg6 54. Kd3 Kh7 55. Ng5+ Kg8 56. h5 Nd8 57. h6 Bc7 58. Nf4 Bb6 59. Nfh3 Bc7 60.
Nf2 Bb6 61. Ng4 Bc7 62. h7+ Kh8 63. Nh6 Bb6 64. Nhxf7+ Nxf7 65. Nxf7+ Kxh7 66.
Ng5+ 1-0

[Event "Tournament: Gibraltar Masters"]
[Site "?"]
[Date "2009.01.30"]
[Round "4"]
[White "DelRioDeAngelis, S."]
[Black "Stebbings, A."]
[Result "1-0"]
[WhiteElo "2532"]
[BlackElo "2234"]
[PlyCount "57"]
[EventDate "2009.01.27"]

1. d4 Nf6 2. c4 e6 3. Nc3 Bb4 4. e3 c5 5. Nge2 cxd4 6. exd4 O-O 7. a3 Be7 8. d5
exd5 9. cxd5 Re8 10. d6 Bf8 11. g3 b6 12. Bg2 Nc6 13. b4 Bb7 14. O-O Re6 15.
Bf4 Nh5 16. Bd5 Nxf4 17. Nxf4 Rxd6 18. Ne4 Rh6 19. Bxf7+ Kxf7 20. Qd5+ Re6 21.
Ng5+ Ke8 22. Rfe1 Qc8 23. Nfxe6 dxe6 24. Rxe6+ Ne7 25. Rxe7+ Bxe7 26. Qf7+ Kd7
27. Rd1+ Kc6 28. Qd5+ Kc7 29. Qe5+ 1-0

[Event "Tournament: Gibraltar Masters"]
[Site "?"]
[Date "2009.01.31"]
[Round "5"]
[White "Stebbings, A."]
[Black "Green, A."]
[Result "1/2-1/2"]
[WhiteElo "2234"]
[BlackElo "2098"]
[PlyCount "54"]
[EventDate "2009.01.27"]

1. e4 Nf6 2. e5 Nd5 3. d4 d6 4. Nf3 dxe5 5. Nxe5 c6 6. Be2 Bf5 7. O-O Nd7 8.
Nf3 h6 9. Bd3 Bxd3 10. Qxd3 e6 11. c4 N5f6 12. Nc3 Bd6 13. Re1 O-O 14. Ne5 c5
15. Nxd7 Qxd7 16. d5 exd5 17. Nxd5 Nxd5 18. Qxd5 Qc7 19. h3 Rad8 20. Qf3 Be5
21. Rb1 Rfe8 22. Be3 Re6 23. b3 Rf6 24. Qe4 Re6 25. Qf3 Rf6 26. Qe4 Re6 27. Qf3
Rf6 1/2-1/2

[Event "Tournament: Gibraltar Masters"]
[Site "?"]
[Date "2009.02.02"]
[Round "7"]
[White "Stebbings, A."]
[Black "Dittmar, P."]
[Result "0-1"]
[WhiteElo "2234"]
[BlackElo "2382"]
[PlyCount "100"]
[EventDate "2009.01.27"]

1. d4 Nf6 2. c4 e6 3. Nc3 Bb4 4. e3 O-O 5. Nge2 d5 6. a3 Be7 7. cxd5 exd5 8. b4
Bf5 9. Ng3 Bg6 10. f4 h6 11. f5 Bh7 12. Bd3 c6 13. O-O Nbd7 14. Qf3 Nb6 15. Bd2
a5 16. b5 c5 17. Rfc1 Rc8 18. Nce2 Na4 19. Bc2 Nb2 20. Bc3 Nc4 21. a4 cxd4 22.
Bxd4 Nd2 23. Qf4 Re8 24. Bd1 Rc4 25. Rxc4 Nxc4 26. Nc3 Bd6 27. Qf3 Be5 28. Rc1
Nd2 29. Qf2 Bxd4 30. exd4 Nde4 31. Ncxe4 Nxe4 32. Qf4 Qf6 33. Ne2 Bxf5 34. Rc7
g5 35. Qe3 Qb6 36. Rc1 Nd6 37. Qf2 Bg6 38. Bb3 Ne4 39. Qe3 Qd8 40. Nc3 Nc5 41.
Qxe8+ Qxe8 42. Nxd5 Nxb3 43. Nf6+ Kf8 44. Nxe8 Nxc1 45. Nd6 Ne2+ 46. Kf2 Nxd4
47. Nxb7 Bc2 48. Nxa5 Bxa4 49. b6 Nc6 50. b7 Nb8 0-1

[Event "Tournament: Gibraltar Masters"]
[Site "?"]
[Date "2009.02.03"]
[Round "8"]
[White "Ercan, M."]
[Black "Stebbings, A."]
[Result "0-1"]
[WhiteElo "2091"]
[BlackElo "2234"]
[PlyCount "110"]
[EventDate "2009.01.27"]

1. e4 c5 2. Nf3 e6 3. d3 Nc6 4. Nbd2 d5 5. g3 Bd6 6. Bg2 Nge7 7. O-O Bd7 8. Qe2
Qc7 9. c3 O-O 10. Re1 f6 11. h4 dxe4 12. dxe4 e5 13. Nc4 Be6 14. Be3 Na5 15.
Nxd6 Qxd6 16. Red1 Qc7 17. Nd2 c4 18. Kh2 Rfd8 19. Nf1 b6 20. f4 Nb7 21. f5 Bf7
22. Rxd8+ Rxd8 23. Rd1 Rd6 24. g4 Kf8 25. Rxd6 Qxd6 26. Qd2 Qxd2 27. Nxd2 Nc8
28. Bf1 Ncd6 29. Kg3 Ke7 30. Kf3 Kd7 31. b3 cxb3 32. axb3 Kc6 33. Bd3 Nc5 34.
Bc2 a5 35. h5 h6 36. c4 b5 37. cxb5+ Kxb5 38. Ke2 Ndb7 39. Bd3+ Kb4 40. Bc4
Bxc4+ 41. Nxc4 Nxb3 42. Nxe5 fxe5 43. g5 hxg5 44. Bxg5 Nd4+ 45. Kd1 Nf3 46.
Be7+ Kb3 47. Ke2 Nd4+ 48. Kf2 Nc6 49. Bf8 a4 50. Bxg7 a3 51. h6 Nbd8 52. h7 Nf7
53. h8=Q Nxh8 54. Bxh8 a2 55. f6 Nd8 0-1

[Event "Tournament: Gibraltar Masters"]
[Site "?"]
[Date "2009.02.05"]
[Round "10"]
[White "Kiik, K."]
[Black "Stebbings, A."]
[Result "1-0"]
[WhiteElo "2466"]
[BlackElo "2234"]
[PlyCount "99"]
[EventDate "2009.01.27"]

1. e4 c5 2. Nf3 e6 3. c4 Nc6 4. Nc3 e5 5. d3 d6 6. Be2 Be7 7. O-O f5 8. exf5
Bxf5 9. Ne1 Nf6 10. Bf3 O-O 11. Nc2 Qd7 12. a3 a5 13. Bg5 Ne8 14. Bxe7 Qxe7 15.
Rb1 Nc7 16. b4 axb4 17. axb4 Ne6 18. Bd5 cxb4 19. Nxb4 Rac8 20. Nc2 Kh8 21. Ne3
Nc5 22. Nxf5 Rxf5 23. Ne4 Nxe4 24. Bxe4 Rff8 25. Qh5 g5 26. Qh6 Rf7 27. Rb2 Rc7
28. Ra1 Rc8 29. Rab1 Rc7 30. Bxc6 Rxc6 31. Rxb7 Qf8 32. Rb8 Rc8 33. Rxc8 Qxc8
34. Qxg5 Qf8 35. Qe3 Qc8 36. Qh6 Qc7 37. h3 Kg8 38. Rb5 Rg7 39. Qe6+ Kf8 40.
Rd5 Rg6 41. Qf5+ Kg8 42. g3 Qc6 43. h4 Kg7 44. Rb5 Rf6 45. Qg5+ Kf7 46. Rb8 h6
47. Qg8+ Ke7 48. Qh7+ Ke6 49. Rb7 d5 50. c5 1-0

[Event "Kent league"]
[Site "?"]
[Date "2009.02.12"]
[Round "?"]
[White "Duggan, J."]
[Black "Stebbings, A."]
[Result "0-1"]
[WhiteElo "2098"]
[BlackElo "2234"]
[PlyCount "120"]
[EventDate "2009.??.??"]

1. d4 Nf6 2. e3 e6 3. Bd3 c5 4. c3 b6 5. f4 Ba6 6. Nf3 Be7 7. O-O O-O 8. Bxa6
Nxa6 9. Qd3 Qc8 10. Nbd2 Qb7 11. a3 Rac8 12. Re1 d5 13. b4 Nc7 14. Ne5 Nce8 15.
bxc5 bxc5 16. Rb1 Qc7 17. Qa6 Nd6 18. a4 Rb8 19. Ba3 Rb6 20. Rxb6 axb6 21. dxc5
bxc5 22. Rb1 Nfe4 23. Nxe4 Nxe4 24. Rb7 Qc8 25. Qa7 Bd6 26. Nxf7 Bb8 27. Nh6+
Kh8 28. Nf7+ Kg8 29. Qb6 e5 30. g3 exf4 31. exf4 Qg4 32. Rxb8 Qd1+ 33. Kg2 Qe2+
34. Kh3 Qh5+ 35. Kg2 Qe2+ 36. Kh3 Nf2+ 37. Kg2 Ng4+ 38. Kh3 Nf2+ 39. Kg2 Nd3+
40. Kh3 Nxf4+ 41. gxf4 Qf3+ 42. Kh4 Qxf4+ 43. Kh3 Rxb8 44. Nh6+ Qxh6+ 45. Qxh6
gxh6 46. Bxc5 Ra8 47. Kg4 Rxa4+ 48. Bd4 Ra2 49. Be5 Kf7 50. Kf5 Re2 51. Bf4 Re6
52. Be5 Ke7 53. Bg3 Kd7 54. Be5 Rg6 55. Bf4 Kc6 56. Ke5 Kc5 57. Be3+ Kc4 58.
Bd2 Rg2 59. Bf4 Rc2 60. h4 h5 0-1

[Event "County match"]
[Site "?"]
[Date "2009.02.14"]
[Round "?"]
[White "Meyer, G."]
[Black "Stebbings, A."]
[Result "0-1"]
[WhiteElo "2250"]
[BlackElo "2234"]
[PlyCount "44"]
[EventDate "2009.??.??"]

1. e4 c5 2. Nf3 e6 3. d4 cxd4 4. Nxd4 Nc6 5. Nc3 Qc7 6. g3 a6 7. Bg2 d6 8. O-O
Be7 9. Re1 Bd7 10. Nf5 exf5 11. Nd5 Qb8 12. Nb6 Ra7 13. Bf4 Nf6 14. exf5 Ne5
15. Qd4 Bxf5 16. Bxe5 dxe5 17. Rxe5 Be6 18. Qa4+ Kf8 19. Rae1 Qd6 20. Nc8 Bxc8
21. Rxe7 b5 22. Bc6 Rxe7 0-1

[Event "London league"]
[Site "?"]
[Date "2009.02.16"]
[Round "?"]
[White "Robertson, M."]
[Black "Stebbings, A."]
[Result "1/2-1/2"]
[WhiteElo "2106"]
[BlackElo "2234"]
[PlyCount "61"]
[EventDate "2009.??.??"]

1. e4 c5 2. Nf3 e6 3. d4 cxd4 4. Nxd4 Nc6 5. Nc3 Qc7 6. g3 a6 7. Bg2 d6 8. O-O
Be7 9. Nxc6 bxc6 10. Re1 Bb7 11. Na4 Nf6 12. c4 c5 13. Bf4 Nd7 14. Rc1 O-O 15.
b4 Rfd8 16. a3 Ne5 17. Qe2 Rac8 18. Red1 h6 19. Be3 Bc6 20. Nc3 Rb8 21. b5 Bb7
22. a4 Ra8 23. f4 Nd7 24. Bf2 Bf6 25. g4 g5 26. Bg3 Bd4+ 27. Bf2 e5 28. fxg5
hxg5 29. Qf3 Nf8 30. Nd5 Bxd5 31. exd5 1/2-1/2

[Event "London league"]
[Site "?"]
[Date "2009.03.02"]
[Round "?"]
[White "Stebbings, A."]
[Black "Randall, R."]
[Result "1-0"]
[WhiteElo "2234"]
[BlackElo "2122"]
[PlyCount "121"]
[EventDate "2009.??.??"]

1. e4 e5 2. Nf3 Nc6 3. Bb5 a6 4. Ba4 Nf6 5. Qe2 Be7 6. c3 b5 7. Bb3 d6 8. O-O
O-O 9. Rd1 Na5 10. Bc2 c5 11. d4 Qc7 12. d5 c4 13. b4 cxb3 14. axb3 Bd7 15. Bd2
Rfc8 16. Na3 g6 17. b4 Nc4 18. Nxc4 bxc4 19. Ra2 Nh5 20. Rda1 Qb7 21. Be3 Bd8
22. Ba4 Bb5 23. g3 Nf6 24. Nd2 Nd7 25. Bxb5 Qxb5 26. Kg2 f5 27. f3 Nf6 28. Bg1
Kg7 29. Nb1 Qb7 30. Na3 Qc7 31. Nc2 Qb7 32. Na3 Qc7 33. Nb1 Qb7 34. h3 a5 35.
Nd2 Qb5 36. Ra4 Ra6 37. R1a2 Nh5 38. Bf2 Kg8 39. Ra1 Kg7 40. Qd1 Nf6 41. Qc2
Qb7 42. bxa5 fxe4 43. fxe4 Kg8 44. Kh2 Nxd5 45. exd5 Qxd5 46. Ne4 Qc6 47. Qe2
Raa8 48. a6 d5 49. Nd2 Bf6 50. a7 Kg7 51. Ra6 Qd7 52. Nf3 Re8 53. R1a5 Qb7 54.
Rb6 Qf7 55. Raa6 Bd8 56. Nxe5 Qf5 57. Rb7+ Kg8 58. Bd4 Bf6 59. Qf3 Qc2+ 60. Qg2
Qf5 61. Qxd5+ 1-0

[Event "County match"]
[Site "?"]
[Date "2009.03.14"]
[Round "?"]
[White "Farr, P."]
[Black "Stebbings, A."]
[Result "0-1"]
[WhiteElo "2194"]
[BlackElo "2234"]
[PlyCount "44"]
[EventDate "2009.??.??"]

1. c4 Nf6 2. Nc3 c5 3. g3 d5 4. cxd5 Nxd5 5. Bg2 Nc7 6. d3 e5 7. Nf3 Nc6 8. O-O
Be7 9. Nd2 Bd7 10. Nc4 O-O 11. f4 exf4 12. Bxf4 Be6 13. Bxc7 Qxc7 14. Ne3 Rad8
15. b3 Qe5 16. Qd2 Bg5 17. Ne4 Bh6 18. Rac1 f5 19. Rf4 fxe4 20. Rxe4 Qd6 21.
Qb2 Bd5 22. Nxd5 Bxc1 0-1

[Event "London league"]
[Site "?"]
[Date "2009.03.23"]
[Round "?"]
[White "Carew, C."]
[Black "Stebbings, A."]
[Result "0-1"]
[WhiteElo "1922"]
[BlackElo "2234"]
[PlyCount "77"]
[EventDate "2009.??.??"]

1. e4 c5 2. Nc3 Nc6 3. g3 g6 4. Bg2 Bg7 5. f4 d6 6. Nf3 e5 7. d3 Nge7 8. O-O
exf4 9. Bxf4 h6 10. Nb5 Ne5 11. Nxe5 dxe5 12. Be3 b6 13. Qd2 Be6 14. c4 h5 15.
Nc3 O-O 16. Nd5 Nc6 17. Bh6 f6 18. Rf2 Kh7 19. Bxg7 Kxg7 20. Raf1 Bxd5 21. exd5
Nd4 22. Bh3 Qd6 23. Qe3 Rae8 24. Kh1 f5 25. Qg5 Qf6 26. Qxf6+ Kxf6 27. Bg2 Ke7
28. a3 Kd6 29. b4 g5 30. h4 g4 31. Be4 Rf6 32. Kh2 Ref8 33. Bh1 f4 34. Be4 a5
35. bxa5 bxa5 36. Kg2 f3+ 37. Kg1 Rb8 38. Ra1 Ke7 39. Raa2 0-1

[Event "London league"]
[Site "?"]
[Date "2009.04.22"]
[Round "?"]
[White "Hayes, G."]
[Black "Stebbings, A."]
[Result "1/2-1/2"]
[WhiteElo "2042"]
[BlackElo "2234"]
[PlyCount "46"]
[EventDate "2009.??.??"]

1. d4 Nf6 2. c4 e6 3. Nf3 Bb4+ 4. Nbd2 b6 5. e3 Bb7 6. Bd3 O-O 7. O-O c5 8. Qe2
cxd4 9. exd4 d5 10. Rd1 Nc6 11. Nf1 Rc8 12. Bg5 Be7 13. Rac1 Nb4 14. b3 Nxd3
15. Qxd3 dxc4 16. bxc4 Qd6 17. Ne5 Rfd8 18. Ne3 h6 19. Bh4 Ne4 20. Bxe7 Qxe7
21. Qb3 Rc7 22. Qb2 Rdc8 23. Rd3 f6 1/2-1/2

[Event "London league"]
[Site "?"]
[Date "2009.04.27"]
[Round "?"]
[White "Stebbings, A."]
[Black "Hopper, P."]
[Result "1-0"]
[WhiteElo "2234"]
[BlackElo "2130"]
[PlyCount "59"]
[EventDate "2009.??.??"]

1. e4 d6 2. d4 Nf6 3. Nc3 g6 4. g3 Bg7 5. Bg2 O-O 6. Nge2 c6 7. O-O Qc7 8. h3
b5 9. e5 dxe5 10. Nxb5 Qb6 11. dxe5 Qxb5 12. exf6 Bxf6 13. Nc3 Qa5 14. Ne4 Bg7
15. Bd2 Qb6 16. Rb1 Rd8 17. Qe2 Ba6 18. c4 Nd7 19. b3 Bb7 20. Be3 Qc7 21. Rfd1
c5 22. f4 Rac8 23. Rd3 e5 24. Nd6 Bxg2 25. Kxg2 Rb8 26. Rbd1 f5 27. Qd2 Nb6 28.
Qf2 Qc6+ 29. Kh2 e4 30. Nxf5 1-0

[Event "Kent league"]
[Site "?"]
[Date "2009.05.10"]
[Round "?"]
[White "Stebbings, A."]
[Black "Jones, W."]
[Result "1-0"]
[WhiteElo "2234"]
[BlackElo "2098"]
[PlyCount "97"]
[EventDate "2009.??.??"]

1. e4 c5 2. Nf3 d6 3. d4 cxd4 4. Nxd4 Nf6 5. Nc3 a6 6. f4 e5 7. Nf3 Nbd7 8. a4
Be7 9. Bd3 O-O 10. O-O exf4 11. Kh1 Nh5 12. Nd4 g6 13. Nf5 Ne5 14. Be2 Bxf5 15.
exf5 Ng7 16. fxg6 fxg6 17. Bxf4 Kh8 18. Qd2 Rc8 19. Nd5 Ne6 20. Nxe7 Qxe7 21.
Bg3 Nc5 22. Qd4 Ncd7 23. c3 Kg7 24. Rad1 Rxf1+ 25. Bxf1 Rc6 26. Be2 Qf6 27. Rf1
Qe6 28. a5 Nf6 29. b4 h6 30. h3 Ned7 31. Re1 Qe4 32. Bf3 Qxd4 33. cxd4 d5 34.
Rb1 Rc4 35. Be5 Nxe5 36. dxe5 Ne4 37. b5 Ra4 38. bxa6 bxa6 39. Rb7+ Kg8 40. Rb6
Rxa5 41. Rxg6+ Kh7 42. Rb6 Ng5 43. Bg4 d4 44. e6 d3 45. e7 Re5 46. Re6 Rxe6 47.
Bxe6 d2 48. Bb3 d1=Q+ 49. Bxd1 1-0

[Event "County match"]
[Site "?"]
[Date "2009.06.13"]
[Round "?"]
[White "Stebbings, A."]
[Black "Gayson, P."]
[Result "1-0"]
[WhiteElo "2314"]
[BlackElo "2202"]
[PlyCount "71"]
[EventDate "2009.??.??"]

1. e4 c5 2. Nf3 e6 3. d4 cxd4 4. Nxd4 Nf6 5. Nc3 Nc6 6. Ndb5 Bb4 7. a3 Bxc3+ 8.
Nxc3 d5 9. exd5 exd5 10. Bd3 O-O 11. O-O d4 12. Ne2 Bg4 13. f3 Bh5 14. Bg5 Qd6
15. Bh4 Rfe8 16. Qd2 Bg6 17. Bf2 Rad8 18. Bxg6 hxg6 19. Rad1 Nd5 20. c3 Rxe2
21. Qxe2 dxc3 22. Rfe1 Qf6 23. bxc3 Qxc3 24. Qb5 Nf6 25. Qxb7 Rxd1 26. Rxd1 a5
27. h3 Nh5 28. Qc8+ Kh7 29. Qc7 Qc4 30. Qd6 Nf4 31. Qc5 Ne2+ 32. Kh1 Qa4 33.
Rd6 Ne7 34. Rd2 Nf5 35. Rxe2 Qd1+ 36. Re1 1-0

[Event "London league"]
[Site "?"]
[Date "2009.09.28"]
[Round "?"]
[White "Karayiannis, C."]
[Black "Stebbings, A."]
[Result "0-1"]
[WhiteElo "2226"]
[BlackElo "2314"]
[PlyCount "106"]
[EventDate "2009.??.??"]

1. d4 Nf6 2. c4 e6 3. Nc3 Bb4 4. e3 c5 5. a3 Bxc3+ 6. bxc3 b6 7. Bd3 Bb7 8. f3
O-O 9. e4 Ne8 10. Ne2 Nc6 11. O-O d6 12. f4 f5 13. d5 Ne7 14. Ng3 g6 15. Ra2
exd5 16. exd5 Qd7 17. Rb2 Ba6 18. Re1 Nc7 19. Nf1 Rae8 20. Nd2 Nexd5 21. Rxe8
Rxe8 22. Nb1 Nf6 23. Re2 Rxe2 24. Qxe2 Qe6 25. Kf1 Qxe2+ 26. Kxe2 Bb7 27. g3
Be4 28. Nd2 Bxd3+ 29. Kxd3 Kf7 30. Nf1 Ke6 31. Bd2 Na6 32. h3 Nb8 33. Ne3 h5
34. Be1 Nc6 35. Ng2 Ng8 36. Ne3 Nf6 37. Ng2 Ne7 38. Bd2 Kd7 39. Be1 Kc6 40. a4
Kd7 41. Ne3 Ke6 42. Nc2 Ne4 43. Ne3 d5 44. g4 Nf6 45. gxf5+ Nxf5 46. cxd5+ Nxd5
47. Nxd5 Kxd5 48. c4+ Ke6 49. a5 bxa5 50. Bxa5 Nd4 51. Bc7 Nc6 52. f5+ gxf5 53.
h4 Ne5+ 0-1

[Event "County match"]
[Site "?"]
[Date "2009.10.10"]
[Round "?"]
[White "Stebbings, A."]
[Black "Lewis, A."]
[Result "1/2-1/2"]
[WhiteElo "2314"]
[BlackElo "2306"]
[PlyCount "58"]
[EventDate "2009.??.??"]

1. e4 c5 2. Nf3 d6 3. d4 cxd4 4. Nxd4 Nf6 5. Nc3 Nc6 6. f4 e6 7. Be3 a6 8. Qf3
Qc7 9. O-O-O Be7 10. g4 Nxd4 11. Bxd4 e5 12. fxe5 dxe5 13. Qg3 Bd6 14. Be3 Be6
15. g5 Nh5 16. Qf3 Nf4 17. Bb5+ Ke7 18. Ba4 Rhc8 19. Bxf4 exf4 20. e5 Bc5 21.
Rd7+ Bxd7 22. Nd5+ Kf8 23. Nxc7 Be3+ 24. Kb1 Rxc7 25. Bxd7 Rxd7 26. Rd1 Rad8
27. Rxd7 Rxd7 28. a4 a5 29. h4 g6 1/2-1/2

[Event "Kent league"]
[Site "?"]
[Date "2009.10.21"]
[Round "?"]
[White "Stebbings, A."]
[Black "Jones, W."]
[Result "1-0"]
[WhiteElo "2314"]
[BlackElo "2210"]
[PlyCount "55"]
[EventDate "2009.??.??"]

1. e4 c5 2. Nf3 d6 3. d4 cxd4 4. Nxd4 Nf6 5. Nc3 a6 6. f4 e6 7. Qf3 Qc7 8. Be3
b5 9. Bd3 h5 10. h3 Bb7 11. O-O h4 12. a3 Nbd7 13. Bf2 Be7 14. Rae1 Nc5 15. Qe2
Nfd7 16. Qd2 Nb6 17. Nf3 O-O-O 18. b4 Nca4 19. Nxa4 Nxa4 20. c4 bxc4 21. Bxc4
Nb6 22. Bd3 d5 23. exd5 Bxd5 24. Rc1 Bc4 25. Bxc4 Rxd2 26. Bxa6+ Kd8 27. Rxc7
Rxf2 28. Rc6 1-0

[Event "London league"]
[Site "?"]
[Date "2009.10.26"]
[Round "?"]
[White "Burbidge, D."]
[Black "Stebbings, A."]
[Result "1/2-1/2"]
[WhiteElo "2058"]
[BlackElo "2314"]
[PlyCount "73"]
[EventDate "2009.??.??"]

1. e4 c5 2. c3 Nf6 3. e5 Nd5 4. d4 cxd4 5. cxd4 d6 6. exd6 Qxd6 7. Nc3 Nc6 8.
Bc4 Nxc3 9. bxc3 e6 10. Ne2 Be7 11. O-O O-O 12. Bf4 Qd7 13. Qd3 b6 14. Rfd1 Bb7
15. Bb3 Rfd8 16. Bc2 g6 17. Qg3 Rac8 18. h4 Bf6 19. h5 Ne7 20. Be5 Nd5 21. Bb3
Qe7 22. hxg6 hxg6 23. c4 Nb4 24. Nf4 Kf8 25. Bxf6 Qxf6 26. a3 Nc6 27. d5 exd5
28. Nxd5 Qe5 29. Qh4 Kg7 30. Re1 Qd4 31. Qg5 Re8 32. Rad1 Rxe1+ 33. Rxe1 f6 34.
Qg3 Ne5 35. Nf4 Re8 36. Rd1 Qe4 37. Nh5+ 1/2-1/2

[Event "County match"]
[Site "?"]
[Date "2009.11.07"]
[Round "?"]
[White "Stebbings, A."]
[Black "Povah, N."]
[Result "1-0"]
[WhiteElo "2314"]
[BlackElo "2298"]
[PlyCount "43"]
[EventDate "2009.??.??"]

1. e4 d5 2. exd5 Nf6 3. c4 e6 4. dxe6 Bxe6 5. Nf3 Nc6 6. d4 Qe7 7. Qe2 O-O-O 8.
d5 Qb4+ 9. Nc3 Bf5 10. dxc6 Bc5 11. cxb7+ Kb8 12. Be3 Rhe8 13. Rd1 Ne4 14.
Rxd8+ Rxd8 15. a3 Qa5 16. Bxc5 Nxc5 17. Qe7 Rd7 18. Qe8+ Kxb7 19. Be2 Ne4 20.
O-O Nxc3 21. bxc3 Qc5 22. Nd4 1-0

[Event "Kent league"]
[Site "?"]
[Date "2009.11.11"]
[Round "?"]
[White "Talsma, P."]
[Black "Stebbings, A."]
[Result "1-0"]
[WhiteElo "2258"]
[BlackElo "2314"]
[PlyCount "43"]
[EventDate "2009.??.??"]

1. d4 Nf6 2. c4 e6 3. Nc3 Bb4 4. a3 Bxc3+ 5. bxc3 c5 6. e3 Nc6 7. Bd3 O-O 8. e4
Ne8 9. Nf3 b6 10. e5 f5 11. d5 Na5 12. Bg5 Qc7 13. Be7 Rf7 14. d6 Qc6 15. Rg1
h6 16. g4 fxg4 17. Nh4 g3 18. hxg3 Ba6 19. Qg4 Rb8 20. Qg6 Rxe7 21. Qh7+ Kf7
22. Bg6+ 1-0